000
00281nam a2200097Ia 4500
082
_a
322.42092 KASR
245
0
_a
The unlikely secret agent
100
_a
Kasrils, Ronald Auckland Park, South Africa, 2010
_9
60969
942
_c
BK
008
210817s9999 xx 000 0 und d
999
_c
371537
_d
371536